[Event "RUS-chT Blitz Men 2018"]
[Site "Sochi"]
[Date "2018.10.10"]
[Round "9"]
[White "Triapishko, Alexandr"]
[Black "Girshgorn, Leonid"]
[Result "1-0"]
[WhiteElo "2508"]
[BlackElo "1925"]
[Annotator "TA"]
[PlyCount "99"]
[EventDate "2018.10.10"]
[EventType "swiss"]
[EventCountry "RUS"]
[SourceTitle "playchess.com"]
[Source "ChessBase"]
[SourceQuality "1"]

{[%evp 19,99,0,8,-2,25,0,33,-12,17,0,40,18,10,20,18,0,0,0,0,-8,13,-2,36,33,6,-12,-20,-33,0,-23,0,-10,-15,-71,-81,-156,-156,-138,-145,-137,-139,-143,-157,-158,-154,-160,-144,-137,-154,-152,-151,-164,-117,-201,-170,-204,-137,-130,-74,-81,-28,-142,-135,-149,-135,-146,-125,-172,368,362,526,541,536,528,502,503,1973,1902,3217,828,2283,2646]} 1. Nf3 d5 2. g3 c6 3. Bg2 Bg4 4. c4 e6 5. cxd5 exd5 6. O-O Nd7 7. d3 Ngf6 8. Nc3 Be7 9. h3 Bxf3 10. Bxf3 O-O 11. Bg2 {A11: English Opening: 1...c6} (11. e4 dxe4 12. dxe4 Re8 13. Qc2 Bc5 14. Bg2 Qe7 15. Kh2 Bd4 16. Rd1 Qc5 17. f4 Nb6 18. a4 a5 {½-½ (32) Wang,Y (2706)-Motylev,A (2645) China 2013}) 11... Qb6 $146 ({Predecessor:} 11... Re8 12. Qc2 h6 13. e4 dxe4 14. dxe4 Bb4 15. f4 Qb6+ 16. Kh2 Bxc3 17. bxc3 Qc5 18. Re1 Qc4 {1-0 (47) Triapishko,O (2513)-Okrugin,S (2334) Yaroslavl 2018}) 12. Qc2 Rad8 13. a3 {White is slightly better.} Rfe8 14. b4 a6 15. Rb1 d4 16. Ne4 Nxe4 17. Bxe4 Nf6 18. Bf3 Nd5 19. Bd2 h6 20. Kg2 Bg5 21. Bxg5 hxg5 22. Qc5 Qc7 23. Rbc1 Qe5 24. Rfe1 (24. Rc4 {seems wilder.} Qf6 25. Rh1 Re5 26. Qa7 Re7 27. Qc5) 24... Nc3 25. Qxe5 (25. Qc4 {with more complications.} Qd6 26. e3 Nb5 27. a4 Nc3 28. Qxd4 Qxd4 29. exd4 Rxe1 30. Rxe1 Kf8 31. Rc1) 25... Rxe5 26. e4 (26. e3 $11) 26... a5 $17 27. Rc2 (27. Rh1 $142) 27... axb4 28. axb4 Rb5 29. Bg4 Rxb4 30. e5 g6 $1 31. h4 gxh4 32. gxh4 Nd5 {And now ...Nf4+ would win.} 33. Kg3 Rb3 {Hoping for ...Nb4.} 34. Rd2 Nb4 35. Red1 Kg7 36. f4 (36. h5 $17) 36... Ra8 37. f5 gxf5 38. Bxf5 {[#]} Ra5 (38... Re8 $142 $1 39. Re1 Nd5) 39. Re1 Nd5 ({Black should play} 39... Raa3 $17 {[%cal Rb4d3]} 40. Red1 Nd5) 40. Kf3 (40. Rg1 $1 $11) 40... Ne3 41. Rg1+ Kf8 42. Kf4 Nd5+ 43. Ke4 {[#]} Ra4 $4 {[%mdl 8192]} (43... Nc3+ $1 $19 {and all is fine.} 44. Kf4 Rbb5) 44. h5 $18 {[%cal Bh4h5,Bh5h6,Bh6h7][%mdl 32]} Nc3+ (44... Ra8 $142 45. h6 Re8) 45. Kf3 {White is clearly winning.} Ke7 46. h6 {h7 is the strong threat.} Ra8 47. h7 Rb1 (47... Rh8 $142 48. Rg8 Rxh7) 48. Rxb1 Nxb1 49. Rg2 (49. Rb2 $142 b5 50. Rxb1) 49... Nd2+ 50. Rxd2 {Precision: White = 35%, Black = 31%.} 1-0

[Event "RUS-chT Blitz Men 2018"]
[Site "Sochi"]
[Date "2018.10.10"]
[Round "9"]
[White "Moiseenko, Vadim"]
[Black "Kozak, Alexander"]
[Result "1-0"]
[WhiteElo "2492"]
[BlackElo "2262"]
[Annotator "TA"]
[PlyCount "99"]
[EventDate "2018.10.10"]
[EventType "swiss"]
[EventCountry "RUS"]
[SourceTitle "playchess.com"]
[Source "ChessBase"]
[SourceQuality "1"]

{[%evp 9,99,45,40,30,45,14,54,50,53,44,73,57,52,65,66,9,63,-8,81,46,67,67,77,59,83,26,22,27,61,0,4,11,33,6,37,22,24,11,31,18,47,0,0,-24,-19,-10,-12,-33,16,0,0,-46,134,139,131,106,102,124,167,125,177,-43,59,48,95,71,43,59,80,1,77,83,148,83,184,56,46,61,160,146,745,568,856,666,1135,1106,1269,1253,29989,29989,29988,29989]} 1. Nf3 f5 2. d3 {[%cal Bd2d3,Bd3d4][%mdl 32]} Nc6 (2... d6 3. e4 e5 4. Nc3 Be7 5. d4 fxe4 6. Nxe4 d5 7. Neg5 exd4 8. Bd3 Qd6 9. Nxd4 c5 10. Nb5 Qe5+ 11. Be3 Na6 12. O-O {1-0 (36) Svidler,P (2751)-Bu,X (2710) Tbilisi 2017}) 3. d4 d5 4. c4 e6 5. Nc3 Nf6 6. Bf4 {A04: Unusual lines after 1 Nf3 and King's Indian Attack} Bd6 7. Bxd6 $146 ({Predecessor:} 7. e3 O-O 8. Be2 Bxf4 9. exf4 dxc4 10. Bxc4 {1-0 (60) Haria,R (2417)-Shaw,P (2103) Llandudno 2017}) 7... Qxd6 (7... cxd6 {keeps more tension.} 8. e3 Ne7 9. Qb3 O-O 10. cxd5 Nexd5 11. Bd3 Nxc3 12. bxc3 Ne4) 8. e3 {White is slightly better.} O-O 9. Rc1 Kh8 10. Be2 a6 11. O-O Bd7 12. Ne1 (12. Re1 $14) 12... Nd8 ({Black should try} 12... dxc4 $11 13. Bxc4 f4) 13. Nd3 (13. Qb3 $14) 13... c6 (13... dxc4 $11 14. Ne5 b5) 14. Ne5 Be8 15. Qb3 g5 16. cxd5 (16. a3 {is more complex.} Qe7 17. Na4 Nf7 18. cxd5 exd5 19. Nc5) 16... exd5 17. Qa3 (17. Bd3 $16) 17... Qxa3 $11 18. bxa3 Nf7 19. Nxf7+ ({White should play} 19. Na4 $14) 19... Rxf7 20. Bd3 Bd7 21. Rb1 Bc8 22. a4 a5 23. f3 Re7 24. Kf2 Kg7 25. Rb2 Ne8 $1 26. Nb1 Nd6 27. Nd2 Be6 28. Rc1 Kf7 29. Rc5 Bd7 30. Rb6 Nc8 $2 (30... Rae8 $15 {stays ahead.} 31. Bc2 Rxe3) 31. Rxb7 $16 Nd6 32. Rb6 Rae8 33. Nf1 Ra8 34. Ba6 Ree8 (34... f4 $16 {might work better.}) 35. Rxa5 $2 (35. Nd2 $1 $18) 35... Ra7 (35... Nc4 $15 36. Bxc4 Rxa5) 36. Rc5 $14 Rea8 {[#]} 37. Bb5 $1 {[%cal Rb5c6]} Nxb5 38. axb5 Rxa2+ {[#]} 39. Kg3 (39. Kg1 $1 $16 cxb5 40. Rxd5) 39... cxb5 (39... h5 $1 $11 {keeps the balance.} 40. h4 (40. bxc6 $2 {is a self mate.} f4+ 41. exf4 h4#) 40... gxh4+ 41. Kxh4 cxb5 42. Rxd5 Bc8) 40. Rxd5 $16 Be6 (40... R8a7 $142) 41. Rb7+ (41. Rdxb5 $142 {Hoping for Rc5.} Bc8 42. Rb2) 41... Kf8 (41... Kg8 $16 {was called for.} 42. Rdxb5 Bc4) 42. Re5 (42. Rdxb5 $18 {d5 is the strong threat.} R8a7 43. Rxa7 Rxa7 44. Nd2) 42... Bc4 $1 $14 43. Rxf5+ Ke8 (43... Kg8 $14) 44. Rxg5 $16 Rc2 $2 {[%mdl 8192]} (44... Kf8 $16) 45. Kf4 b4 46. Rxb4 Bxf1 47. Rg8+ Kf7 48. Rxa8 Bxg2 49. Ra7+ Ke6 50. e4 {Precision: White = 28%, Black = 21%.} 1-0

[Event "RUS-chT Blitz Men 2018"]
[Site "Sochi"]
[Date "2018.10.10"]
[Round "9"]
[White "Afanasiev, Nikita"]
[Black "Belyakov, Bogdan"]
[Result "1/2-1/2"]
[WhiteElo "2487"]
[BlackElo "2458"]
[Annotator "TA"]
[PlyCount "137"]
[EventDate "2018.10.10"]
[EventType "swiss"]
[EventCountry "RUS"]
[SourceTitle "playchess.com"]
[Source "ChessBase"]
[SourceQuality "1"]

{[%evp 17,137,4,33,-14,0,-28,-21,-22,-31,-22,-19,-22,-30,-87,-95,-165,-160,-153,-157,-135,-113,-166,-80,-71,-19,-10,0,0,0,0,0,0,15,14,29,-12,4,12,13,12,14,0,0,0,20,0,61,0,6,8,136,6,7,6,7,7,13,5,5,5,5,5,12,13,16,12,12,16,11,16,35,8,16,0,0,0,0,0,0,0,0,0,0,0,0,0,0,0,0,0,0,0,0,0,0,0,0,0,0,0,0,0,0,0,0,0,0,0,0,0,0,0,0,0,0,0,0,0,0,0,0,0]} 1. c4 Nf6 2. Nc3 g6 3. g3 Bg7 4. Bg2 O-O 5. Nf3 c5 6. O-O Nc6 7. d4 d6 8. dxc5 dxc5 9. Be3 Qa5 10. h3 {E65: King's Indian: Fianchetto: 6...c5 7 0-0 without d5 by White} (10. Qb3 Qb4 11. Qxb4 cxb4 12. Nd5 Ne4 13. Rab1 Rd8 14. Nd4 Bxd4 15. Bxe4 e6 16. Nc7 Rb8 17. Na6 bxa6 18. Bxc6 Bxe3 19. fxe3 {½-½ (55) Howell,D (2655)-Jones,G (2663) Reading 2017}) 10... Be6 11. Qa4 $146 ({Predecessor:} 11. Nd2 Nd7 12. Nb3 Qb4 13. Bd5 Bxh3 14. Re1 Rad8 15. a3 Qb6 16. Na4 Qc7 17. Qc1 b6 {0-1 (35) Cacinschi,A (1989)-Gallucci,A (2227) Torino 2011}) 11... Qxa4 12. Nxa4 Bxc4 13. Nxc5 Bxe2 14. Rfe1 Bc4 15. b3 (15. Nxb7 $11 Rac8 16. Rec1) 15... Bd5 $17 16. Nxb7 (16. Rad1 $17) 16... Nb4 $19 17. Nd4 Bxg2 18. Kxg2 Nfd5 19. Re2 {[#]} (19. Rad1 $17 {was necessary.}) 19... Nxe3+ (19... Rfc8 $1 $19 {Threatens to win with ...a5.} 20. Na5 e5) 20. fxe3 $17 Nd5 (20... Rfc8 $17 {And now ...a5 would win.} 21. Rd1 Rc7) 21. Rc1 $11 Rac8 22. Rc4 Nb6 23. Rcc2 Nd5 24. Rc4 Bf6 25. Kf3 Nb6 26. Rc6 Rxc6 27. Nxc6 Rc8 28. Nba5 Rc7 29. e4 Bc3 30. b4 f6 31. Rc2 Be5 ({Black should try} 31... Na4 $11) 32. a3 (32. b5 $14) 32... Bd6 33. g4 Nd7 {[#]} (33... Kf8 $11 {keeps the balance.}) 34. Rc4 (34. Nxe7+ $1 $16 {[%mdl 512]} Kf7 (34... Bxe7 35. Rxc7) 35. Rxc7 Ne5+ 36. Ke2 Bxc7 37. Nac6) 34... Kf8 35. Ke2 Nb6 36. Rc2 h5 37. Nd4 Rxc2+ 38. Nxc2 hxg4 39. hxg4 {[%mdl 4096] Endgame KBN-KNN} Kf7 40. Nd4 Nc8 41. Nac6 e5 42. Nb5 a6 43. Nc3 Ke6 44. Kd3 f5 {The position is equal.} 45. gxf5+ (45. Nd5 {looks sharper.} Kd7 46. Na5 Ke6 47. Nb7 f4 48. Nd8+) 45... gxf5 46. exf5+ Kxf5 47. Ne4 Ke6 48. Na5 Kd5 49. Nc4 Bc7 50. Ne3+ Kc6 51. Kc4 Nb6+ 52. Kd3 Kb5 53. Nc3+ Kc6 54. Ke4 Bd6 55. Kd3 Bc7 56. Ng4 Bb8 57. Nf6 Bc7 58. Nfe4 Bd6 59. Nf6 Be7 60. Nfe4 Bf8 61. Nd1 Kb5 62. Nb2 Be7 63. Kc3 Na4+ 64. Nxa4 Kxa4 65. Kb2 {[%cal Re4c3]} Bxb4 66. axb4 Kxb4 67. Ka2 Kc4 68. Ng5 Kd4 69. Nf3+ {Precision: White = 54%, Black = 59%.} 1/2-1/2

[Event "RUS-chT Blitz Men 2018"]
[Site "Sochi"]
[Date "2018.10.10"]
[Round "9"]
[White "Usmanov, Vasily"]
[Black "Gutenev, Alexander"]
[Result "1-0"]
[WhiteElo "2453"]
[BlackElo "2456"]
[Annotator "TA"]
[PlyCount "95"]
[EventDate "2018.10.10"]
[EventType "swiss"]
[EventCountry "RUS"]
[SourceTitle "playchess.com"]
[Source "ChessBase"]
[SourceQuality "1"]

{[%evp 9,94,0,17,24,34,-9,58,39,100,0,0,0,0,-2,23,20,41,37,51,38,70,9,46,14,25,27,27,2,11,0,9,12,20,12,32,31,47,54,54,47,50,62,62,58,56,56,56,71,86,0,54,0,85,0,43,0,94,98,659,658,658,654,645,620,873,671,671,635,5485,610,988,976,2002,1900,6334,6107,29990,29991,29991,29988,29991,29989,29990,29991,29991,29992,29999]} 1. d4 Nf6 2. c4 g6 3. Nc3 d5 4. Bg5 Ne4 5. Qc1 (5. Bf4 Bg7 6. Nxd5 Na6 7. Nc3 Nxc3 8. bxc3 c5 9. e3 O-O 10. Nf3 Qa5 11. Qd2 Rd8 12. Be2 Bg4 13. Bg3 {0-1 (77) Lenderman,A (2630)-Vachier Lagrave,M (2780) chess.com INT 2018}) 5... Nxc3 6. bxc3 {D80: Grünfeld: Unusual White 4th moves and 4 Bg5} dxc4 7. Nf3 $146 ({Predecessor:} 7. e4 h6 8. Be3 b5 9. a4 c6 10. Nf3 Bg7 11. Be2 Nd7 12. O-O a6 {1-0 (27) Vokac,M (2483)-David,P (2421) Czechia 2005}) 7... c5 (7... Qd5 $11) 8. e4 $14 {White is slightly better.} Qa5 ({Better is} 8... Bg7 $14) 9. Be3 (9. Bxc4 $16 cxd4 10. Nxd4) 9... Bg7 $11 10. Bxc4 cxd4 11. Bxd4 e5 12. Be3 O-O 13. O-O Bg4 14. Nd2 Nd7 15. Qb2 (15. h3 $14 Be6 16. Bxe6 fxe6 17. Qb2) 15... Qc7 (15... Nb6 {keeps more tension.} 16. h3 Bd7 17. Bb3 Rfd8 18. Rfd1 Rac8) 16. f3 Be6 17. Bxe6 fxe6 18. Qb3 Qc6 19. Rfb1 b6 20. a4 Rac8 21. c4 Nc5 22. Qb5 Rfd8 23. a5 {[%cal Ra5b6]} Rd3 24. axb6 axb6 25. Qxc6 Rxc6 26. Ra8+ Kf7 27. Kf2 Rcd6 {[#] Threatens to win with ...Rxe3!} 28. Ra7+ Kg8 29. Ra8+ Kf7 $1 30. Ra7+ Kg8 31. Ra8+ Kf7 {[#] Hoping for ...Rxe3!} 32. Ra7+ (32. Rb2 $14) 32... Kg8 $16 33. Nf1 Rc3 $2 {[%mdl 8192]} (33... Nb3 $16) 34. Bxc5 $18 bxc5 35. Rb8+ Bf8 36. Raa8 Rd1 37. Rxf8+ Kg7 38. Rg8+ Kh6 {intending ...Rc2+.} 39. Ke2 Rcc1 40. Ne3 Re1+ 41. Kf2 Rh1 42. Kg3 Rc3 43. Ng4+ {White mates.} Kg5 44. Nxe5 Rg1 45. Ra2 Kf6 46. Ng4+ Kf7 47. Rc8 {[%cal Ra2a7]} h5 48. Ra7# {Precision: White = 53%, Black = 23%.} 1-0

[Event "RUS-chT Blitz Men 2018"]
[Site "Sochi"]
[Date "2018.10.10"]
[Round "9"]
[White "Lugovskoy, Maxim"]
[Black "Alexeev, Alexey"]
[Result "1-0"]
[WhiteElo "2428"]
[BlackElo "2287"]
[Annotator "TA"]
[PlyCount "83"]
[EventDate "2018.10.10"]
[EventType "swiss"]
[EventCountry "RUS"]
[SourceTitle "playchess.com"]
[Source "ChessBase"]
[SourceQuality "1"]

{[%evp 13,83,-9,-12,-152,-156,-144,-146,-107,115,96,224,232,245,191,186,191,188,187,185,16,179,180,188,124,125,122,120,119,149,149,149,148,156,156,156,138,141,129,127,127,143,143,143,143,217,103,103,103,103,103,136,66,252,170,1105,908,929,850,1456,1456,1125,1062,1737,1552,2034,2011,5732,5732,5608,5509,4666,3506]} 1. d4 Nf6 2. Nc3 d5 3. Bf4 g6 4. Qd2 Bg7 5. Bh6 O-O (5... Bxh6 6. Qxh6 Bf5 7. Qd2 c5 8. e3 cxd4 9. exd4 Nc6 10. a3 Rc8 11. Nge2 O-O 12. Ng3 Bd7 13. h4 {1-0 (53) Howell,D (2676)-Demchenko,A (2660) Riadh 2017}) 6. Bxg7 {D01: Veresov Opening} Kxg7 7. h4 c5 {LiveBook: 7 Games. Hoping for ...cxd4.} 8. h5 (8. e3 $11 {keeps the balance.}) 8... cxd4 $17 9. Qxd4 Nc6 10. Qh4 Kg8 $146 (10... d4 $17 {keeps the pressure on.} 11. O-O-O Qa5 12. hxg6 fxg6) ({Predecessor:} 10... d4 11. O-O-O Qa5 12. hxg6 fxg6 13. Qh6+ {½-½ (59) Ciganovic,D (2370)-Postl,A Oberwart 1991}) 11. O-O-O {Strongly threatening hxg6.} gxh5 {[#]} (11... g5 $16 {was worth a try.} 12. Qxg5+ Kh8) 12. Nxd5 $1 $18 {[%mdl 512]} Qd6 (12... Nxd5 13. Qg5+) 13. Nxf6+ Qxf6 14. Qxf6 ({Resist} 14. Qxh5 Bf5 $14) 14... exf6 15. Rxh5 Be6 16. e3 $2 (16. g3 $18) 16... Rfd8 $2 (16... Bg4 $11 17. Rdd5 Bxh5 18. Rxh5 Rfd8) 17. Rxd8+ Rxd8 18. Bd3 (18. Nf3 $18) 18... Nb4 $16 19. Nf3 Nxd3+ 20. cxd3 {[%mdl 4096] Endgame KRB-KRN} Bg4 21. Rb5 Bxf3 22. gxf3 {KR-KR} b6 23. d4 Kg7 24. Kd2 Kg6 25. f4 h5 26. Ke2 Rc8 27. Kf3 Rc2 28. a4 h4 (28... f5 $16 {is a better defense.} 29. a5 bxa5 30. Rxa5 Rxb2 31. Rxa7 Rb1) 29. Kg4 (29. b4 $18 {is more deadly.}) 29... Rxf2 30. Kxh4 Rf3 {[#]} 31. Rb3 $1 f5 32. d5 ({White should try} 32. Rc3 $16) 32... Kf6 $2 ({Better is} 32... Rf2 $1 $14) 33. d6 {Black must now prevent Rd3.} Ke6 $2 (33... Rf2) 34. Rd3 $18 {And now d7 would win.White is clearly winning.} Kd7 35. Kg5 Rf2 36. b3 Rh2 37. Kxf5 Rh6 38. e4 {[%cal Be3e4,Be4e5][%mdl 32]} a6 39. e5 b5 40. axb5 axb5 41. Rd5 Rh5+ 42. Ke4 {Precision: White = 55%, Black = 38%.} 1-0

[Event "RUS-chT Blitz Men 2018"]
[Site "Sochi"]
[Date "2018.10.10"]
[Round "9"]
[White "Pogromsky, Mikhail"]
[Black "Motylev, Alexander"]
[Result "0-1"]
[WhiteElo "2415"]
[BlackElo "2661"]
[Annotator "TA"]
[PlyCount "90"]
[EventDate "2018.10.10"]
[EventType "swiss"]
[EventCountry "RUS"]
[SourceTitle "playchess.com"]
[Source "ChessBase"]
[SourceQuality "1"]

{[%evp 12,90,0,-6,33,29,68,0,73,27,55,46,51,29,49,56,60,38,40,44,41,13,41,-14,22,18,14,0,0,0,20,15,22,6,23,0,0,0,0,-24,14,0,7,0,0,-21,0,-10,0,0,0,0,0,-15,0,-282,-268,-269,-258,-254,-250,-354,-289,-666,-721,-685,-612,-956,-975,-1535,-1478,-1266,-1647,-1597,-1542,-1815,-1663,-3181,-2623,-29979,-29980]} 1. d4 d5 2. Nc3 Nf6 3. Bg5 Bf5 4. f3 Nbd7 5. Nxd5 Nxd5 6. e4 h6 7. Bh4 $1 g5 {D01: Veresov Opening} (7... c6 8. exd5 cxd5 9. Bd3 Bxd3 10. Qxd3 Qa5+ 11. c3 e6 12. Ne2 Bd6 13. f4 Nf8 14. f5 exf5 15. Qxf5 {1-0 (60) Priasmoro,N (2498)-Pigeat,A (2347) Manavgat 2018}) 8. Bf2 e6 {aiming for ...Bb4+.} 9. exf5 (9. Qd2 $14) 9... exf5 (9... Bb4+ $1 $11 10. c3 Nxc3 11. bxc3 Bxc3+ 12. Ke2 Bxa1) 10. Bd3 $146 ({Predecessor:} 10. Qe2+ Be7 11. O-O-O c6 12. c4 Nf4 13. Qd2 Nb6 14. Qc2 Qd7 15. g3 {0-1 (41) Balacek,T (2133)-Erneker,J (2283) Czechia 2010}) 10... Qf6 11. Ne2 {[%cal Bg1e2,Be2g3,Bg3e4][%mdl 32]} O-O-O 12. Qd2 N7b6 13. O-O-O Nb4 14. a3 Nxd3+ 15. Qxd3 Kb8 16. Ng3 f4 17. Qf5 (17. Ne4 $14 Qg6 18. Kb1) 17... Qc6 18. Ne4 Nc4 19. Qf6 Qxf6 20. Nxf6 Bg7 21. Nh5 Bf8 22. Rhe1 b5 23. c3 a5 24. Kc2 a4 25. Re4 c6 26. Rde1 Kc7 27. Nf6 Bd6 28. Ne8+ Kd7 29. Nf6+ Kc8 30. d5 c5 31. h4 Kc7 32. h5 Kb6 33. Re8 $2 {[%mdl 8192]} (33. R1e2 $11 {and White is okay.}) 33... Rhxe8 $19 34. Rxe8 Rxe8 35. Nxe8 {[%mdl 4096] Endgame KBN-KBN} Be5 36. Kc1 (36. Bg1 {was worth a try.}) 36... f5 {[%cal Bf7f5,Bf5f4][%mdl 32]} 37. Kc2 $2 {[#]} (37. d6 Nxd6 38. Nxd6 Bxd6 39. Kb1) 37... Ne3+ $1 38. Bxe3 fxe3 {KB-KN} 39. Kd3 f4 40. d6 Kc6 41. Nc7 Bxd6 42. Ne6 Be5 43. Nf8 Kd6 44. Ke2 {[#]} b4 $1 {[%mdl 512]} 45. Kd3 {[#]} (45. axb4 cxb4) 45... c4+ $1 {[%mdl 512] Precision: White = 18%, Black = 55%.} 0-1

[Event "RUS-chT Blitz Men 2018"]
[Site "Sochi"]
[Date "2018.10.10"]
[Round "9"]
[White "Savitskiy, Sergey"]
[Black "Kozionov, Kirill"]
[Result "1-0"]
[WhiteElo "2413"]
[BlackElo "2458"]
[Annotator "TA"]
[PlyCount "131"]
[EventDate "2018.10.10"]
[EventType "swiss"]
[EventCountry "RUS"]
[SourceTitle "playchess.com"]
[Source "ChessBase"]
[SourceQuality "1"]

{[%evp 9,131,63,59,60,68,69,60,51,54,40,42,10,59,11,118,29,115,9,20,0,133,135,125,127,215,162,167,122,209,202,202,193,212,135,139,139,139,142,143,143,148,131,190,178,178,162,165,177,168,165,252,212,223,155,181,166,172,166,166,166,164,148,140,142,239,218,227,231,268,182,287,272,328,337,322,299,317,279,544,510,778,738,1595,1390,1833,1588,967,668,642,654,665,633,864,583,787,768,760,746,775,628,625,618,1397,1249,1529,1400,1334,1170,2361,1905,5206,4870,29987,29988,29991,29985,29993,29992,29992,29993,29995,29993,29993,29994]} 1. e4 Nc6 2. Nc3 d6 3. d4 Nf6 4. Nge2 g6 5. f3 Bg7 6. Be3 {B00: Queen's Fianchetto Defence, Nimzowitsch Defence} h5 7. Qd2 a6 8. a4 {White is slightly better.} Bd7 9. Nc1 e5 10. Nb3 $146 ({Predecessor:} 10. d5 Ne7 11. a5 Rc8 12. Na4 O-O 13. Bd3 Qe8 14. b3 Nfxd5 {0-1 (45) Gonzalez Gonzalez,A (2167)-Stocek,J (2573) Benasque 2012}) 10... O-O 11. Be2 h4 (11... Nxd4 $11 12. Nxd4 exd4 13. Bxd4 Kh7) 12. Rd1 ({White should try} 12. d5 $16) 12... Nh5 (12... h3 $11) 13. Nd5 (13. dxe5 $16 Bxe5 14. Nd5) 13... exd4 14. Nxd4 Ne7 (14... Nxd4 $11 {keeps the balance.} 15. Bxd4 Bxd4 16. Qxd4 Bc6) 15. Bg5 $16 f6 16. Bxh4 g5 (16... Kh7 $16) 17. Nxe7+ Qxe7 18. Bf2 Rae8 (18... Nf4 $16) 19. O-O $18 Nf4 20. Bc4+ Kh8 21. Bg3 f5 22. Nxf5 Bxf5 23. exf5 Rxf5 24. Rfe1 Re5 25. c3 Qf6 (25... Qd7 $16) 26. Rxe5 Rxe5 27. Re1 Qe7 28. Rxe5 Qxe5 29. Bf2 Qe7 (29... Qf5 {was necessary.} 30. Be3 d5) 30. Bf1 c6 31. Bd4 Be5 32. g3 Ng6 33. Kg2 Kg7 34. Bf2 Bf6 35. Bd3 Ne5 36. Bb1 d5 (36... Qe6 $16 37. Qd1 Kf8) 37. Qc2 Kg8 38. Qf5 Nd7 39. Bd3 Nf8 (39... Ne5 $142 40. Bc2 Nc4 41. Qg6+ Bg7 42. Qh7+ Kf8 43. Qf5+ Kg8) 40. a5 Kg7 41. h4 gxh4 42. g4 {[%cal Bg3g4,Bg4g5][%mdl 32]} Qe6 43. f4 h3+ $2 {[#]} (43... Qxf5 44. Bxf5 Ng6) 44. Kxh3 Qe8 (44... Qxf5 $142 45. Bxf5 Ng6) 45. g5 Qh5+ 46. Kg2 Be7 47. Bd4+ Kg8 48. Qh3 Qxh3+ 49. Kxh3 {[%mdl 4096] Endgame KBB-KBN} Ne6 50. Be5 Nc5 51. Bc2 Nd7 52. Bd4 c5 53. Be3 Bd8 54. Bb3 c4 55. Ba4 Nb8 56. f5 {[%cal Bf4f5,Bf5f6][%mdl 32]} Bxa5 57. Kg4 b5 58. Bc2 Nc6 59. f6 Bd8 60. Kf5 a5 61. g6 {White mates.} d4 62. cxd4 b4 63. Ke6 b3 64. Be4 Nb4 65. f7+ Kg7 {[#]} 66. Bh6+ $1 {[%mdl 512] Precision: White = 58%, Black = 25%.} 1-0

[Event "RUS-chT Blitz Men 2018"]
[Site "Sochi"]
[Date "2018.10.10"]
[Round "9"]
[White "Sergeyev, Alexander"]
[Black "Demidov, Mikhail"]
[Result "0-1"]
[WhiteElo "2397"]
[BlackElo "2514"]
[Annotator "TA"]
[PlyCount "74"]
[EventDate "2018.10.10"]
[EventType "swiss"]
[EventCountry "RUS"]
[SourceTitle "playchess.com"]
[Source "ChessBase"]
[SourceQuality "1"]

{[%evp 10,74,44,41,34,43,22,27,25,10,46,48,70,54,50,54,52,33,39,32,33,25,38,30,43,33,27,22,31,22,35,30,25,23,27,23,56,29,41,25,45,-44,-43,-43,-44,-41,-33,-33,-25,-53,-31,-89,-99,-248,-229,-640,-616,-633,-341,-403,-415,-685,-308,-393,-377,-635,-431]} 1. e4 Nf6 2. e5 Nd5 3. d4 d6 4. Bc4 Nb6 5. Bb3 d5 6. Ne2 Bf5 {B03: Alekhine's Defence: Four Pawns Attack} (6... e6 7. c3 c5 8. O-O Bd7 9. Nf4 Bb5 10. Re1 Nc6 11. Na3 Ba6 12. Nh5 cxd4 13. cxd4 Qd7 14. Bg5 {1-0 (37) Kislinsky,A (2505)-Kumala,A (2215) Szklarska Poreba 2017}) 7. Ng3 Bg6 $1 8. f4 {Strongly threatening f5.} e6 {White has an edge.} 9. O-O c5 10. c3 c4 11. Bc2 Bxc2 12. Qxc2 g6 $1 13. Nd2 $146 ({Predecessor:} 13. b3) 13... Qc7 14. Nf3 Nc6 {[%cal Bb8c6,Bc6e7,Be7f5][%mdl 32]} 15. Be3 {[%cal Bc1e3,Be3f2,Bf2h4][%mdl 32]} Ne7 16. Bf2 h6 17. Ne2 h5 18. Bh4 Nf5 19. Bf6 Rg8 {next ...Ne3 is good for Black.} 20. Qd2 (20. Kf2 {is more complex.} a5 21. Bg5 Be7 22. Qd2 O-O-O 23. Ng3) 20... Be7 {White should prevent ...Bxf6.} 21. Bxe7 Qxe7 22. Ng5 O-O-O {[%cal Ba8d8,Bd8d7,Bd7c7][%mdl 32]} 23. b3 Kb8 24. Rfb1 Ka8 25. a4 (25. Kh1 $14) 25... cxb3 $15 {...Nc4 is the strong threat.} 26. Rxb3 Nc4 27. Qd3 Rd7 28. a5 Rc8 {[%cal Bg8c8,Bc8c6,Bc6c3][%mdl 32]} 29. Rb4 Rc6 30. Nc1 (30. Qb1 $15) 30... Rdc7 $1 $17 {White must now prevent ...Nxe5!} 31. Nb3 (31. Rbb1 $17 {keeps fighting.}) 31... Nb2 $1 $19 {[%csl LRc3,LRd3][%cal Rb2d3]} 32. Qe2 $2 (32. Qd2 Rxc3 33. Nc5 R7xc5 34. Rxb2) 32... Rxc3 33. Nc5 R3xc5 34. Qxb2 Rc2 35. Qb3 {[#]} (35. Qa3 $142) 35... Qd7 (35... Ne3 $142 $1 {[%mdl 512]} 36. g3 {[#]} (36. Qxe3 Qxb4) 36... h4 $1 {[%mdl 512]}) 36. a6 b6 37. Rb1 $2 (37. Nf3) 37... Qc6 {Precision: White = 24%, Black = 55%.} 0-1